000 01015nam0a22002411 4500
001 rc\2293205
005 20260407114055.0
035 _a(NLR Aleph) 006466618
090 _a5891567
_c5891567
100 _a20110829d1977 |||y0rusy50 ca
101 0 _arus
102 _aRU
105 _ay z |||||
200 1 _aАннотации научно-исследовательских работ [по экономике строительства] 1976 года, рекомендуемых к внедрению
_f[Ред. коллегия к. э. н. И.Л. Апарин] [и др.]
_gНИИ экономики стр-ва Госстроя СССР
210 _aМосква
_cБ. и.
_d1977
215 _a48 с.
_d21
702 1 _aАпарин
_bИ.Л.
_gИван Леонтьевич
_4340
712 0 2 _aНИИ экономики строительства
_cМосква
_3RU\NLR\AUTH\889946019
_9387534
801 0 _aRU
_bNLR
_gpsbo
801 1 _aRU
_bELAR
_2rusmarc
852 _aNLR
_j77-4/31113
942 _cBOOK
980 _aNB